Contingency plans (Record no. 79673)
[ view plain ]
| 000 -LEADER | |
|---|---|
| fixed length control field | 01027cab a22002175a 4500 |
| 001 - CONTROL NUMBER | |
| control field | L141961 |
| 008 - FIXED-LENGTH DATA ELEMENTS--GENERAL INFORMATION | |
| fixed length control field | 080116e20080112xxk f a 000 0 eng d |
| 035 ## - SYSTEM CONTROL NUMBER | |
| System control number | (Sirsi) u141961 |
| 041 0# - LANGUAGE CODE | |
| Language code of text/sound track or separate title | eng |
| 100 1# - MAIN ENTRY--PERSONAL NAME | |
| Personal name | Woodhead, Simon |
| 245 00 - TITLE STATEMENT | |
| Title | Contingency plans |
| 260 ## - PUBLICATION, DISTRIBUTION, ETC. | |
| Date of publication, distribution, etc. | 2008 |
| 490 ## - SERIES STATEMENT | |
| Series statement | Estates Gazette |
| Volume/sequential designation | (0801) 12 January 2008, 128-129(2) |
| 520 ## - SUMMARY, ETC. | |
| Summary, etc. | Reports on contingent liability in commercial property leases. Considers the difficulties which can arise from giving a group company guarantee. A guarantor company can find itself liable to pay the rent on a premises for many years. Even if it obtains a court order vesting that lease, this may take many months especially if the tenant is in administration. Suggests measures which can be taken to reduce the risks and limit the financial loss. |
| 590 ## - LOCAL NOTE (RLIN) | |
| Local note | KA |
| 650 24 - SUBJECT ADDED ENTRY--TOPICAL TERM | |
| Topical term or geographic name entry element | LANDLORD AND TENANT (COVENANTS) BILL |
| 651 #4 - SUBJECT ADDED ENTRY--GEOGRAPHIC NAME | |
| Geographic name | United Kingdom |
| Chronological subdivision | |
| 690 ## - LOCAL SUBJECT ADDED ENTRY--TOPICAL TERM (OCLC, RLIN) | |
| Topical term or geographic name as entry element | PROPERTY-COMMERCIAL PROPERTY-COMMERCIAL LANDLORD AND TENANT |
| 700 1# - ADDED ENTRY--PERSONAL NAME | |
| Personal name | Cooke, Howard |
| 942 ## - ADDED ENTRY ELEMENTS (KOHA) | |
| Suppress in OPAC | 0 |
| Withdrawn status | Lost status | Source of classification or shelving scheme | Damaged status | Not for loan | Home library | Current library | Shelving location | Date acquired | Total Checkouts | Full call number | Barcode | Date last seen | Copy number | Price effective from | Koha item type |
|---|---|---|---|---|---|---|---|---|---|---|---|---|---|---|---|
| Dewey Decimal Classification | London | London | Journal article | 16/01/2008 | L141961 | 141961-1001 | 06/08/2019 | 1 | 06/08/2019 | Journal article |